000 01321nam a2200313 a 4500
001 ebr10571192
003 CaPaEBR
006 m u
007 cr cn|||||||||
008 120628s2012 enka s 001 0 eng d
020 _z9781849517461
020 _z9781849517478 (e-book)
040 _aCaPaEBR
_cCaPaEBR
035 _a(OCoLC)802052451
050 1 4 _aQA76.585
_b.T67 2012eb
100 1 _aToraldo, Giovanni.
245 1 0 _aOpenNebula 3 cloud computing
_h[electronic resource] :
_bset up, manage, and maintain your cloud and learn solutions for datacenter virtualization with this step-by-step practical guide /
_cGiovanni Toraldo.
246 3 _aOpenNebula three
260 _aBirmingham :
_bPackt Pub. Ltd.,
_c2012.
300 _avii, 294 p. :
_bill. (some col.).
490 1 _aOpen source : community experience distilled
500 _aIncludes index.
533 _aElectronic reproduction.
_bPalo Alto, Calif. :
_cebrary,
_d2011.
_nAvailable via World Wide Web.
_nAccess may be limited to ebrary affiliated libraries.
650 0 _aCloud computing.
655 7 _aElectronic books.
_2local
710 2 _aebrary, Inc.
830 0 _aCommunity experience distilled.
856 4 0 _uhttp://site.ebrary.com/lib/rucke/Doc?id=10571192
_zAn electronic book accessible through the World Wide Web; click to view
999 _c80838
_d80838